[Event "Sainte Marie op"]
[Site "Sainte Marie"]
[Date "2005.10.15"]
[Round "1"]
[White "Benke, Martin"]
[Black "Cavillot, Sophie"]
[Result "1-0"]
[WhiteElo "1910"]
[BlackElo "1499"]
[PlyCount "53"]
[EventDate "2005.10.15"]
[EventType "swiss"]
[EventRounds "9"]
[EventCountry "FRA"]
[SourceTitle "EXT 2006"]
[Source "ChessBase"]
[SourceDate "2005.11.24"]
[SourceVersion "1"]
[SourceVersionDate "2005.11.24"]
[SourceQuality "1"]

1. d4 e6 2. c4 Nf6 3. Nc3 b6 4. e4 d6 5. Bd3 Bb7 6. Bg5 Na6 7. Nf3 Nb4 8. Qa4+ Nc6 9. d5 Qd7 10. dxc6 Bxc6 11. Qc2 h6 12. Bxf6 gxf6 13. 0-0-0 Bg7 14. Rhe1 0-0 15. Nh4 Rfb8 16. f4 b5 17. cxb5 Bxb5 18. Nxb5 f5 19. exf5 e5 20. f6 Bxf6 21. Nf5 a6 22. Nc3 exf4 23. Be4 Ra7 24. b3 c6 25. Rxd6 Bxc3 26. Qxc3 Kf8 27. Qh8# 1-0